| 000 | 00815nmc a2200301 a 4500 | ||
|---|---|---|---|
| 003 | AR-BaBNM | ||
| 005 | 20251128211212.0 | ||
| 008 | 163020s1961 ||||||||||||||000 | spa|| | ||
| 040 | _cAR-BaBNM | ||
| 100 | 1 |
_aGutiérrez, Eduardo _d1851-1889 |
|
| 245 | 1 | 0 | _aLos montoneros |
| 260 |
_aBuenos Aires _bLibrería Hachette _c1961 |
||
| 300 | 0 | _a292 p. | |
| 490 | 0 | _aEl pasado argentino | |
| 600 | 1 | 4 | _aSarmiento, Domingo Faustino |
| 650 | 4 | _aLITERATURA ARGENTINA | |
| 650 | 4 | _aHISTORIA ARGENTINA | |
| 650 | 4 | _aREVOLUCION | |
| 650 | 4 | _aHISTORIA POLITICA | |
| 650 | 4 | _aHISTORIA SOCIAL | |
| 650 | 4 | _aHISTORIA DE LAS IDEAS | |
| 650 | 4 | _aCAUDILLOS ARGENTINOS | |
| 650 | 4 | _aSIGLO DIECINUEVE | |
| 700 | 1 |
_aBenarós, León _eprologuista |
|
| 800 | 1 | _aWeinberg, Gregorio | |
| 942 | _cBK | ||
| 998 | _cmariana | ||
| 999 |
_c18689 _d18689 |
||